LEADER 00532naa a2200145 i 4500 001 000000301769 003 CaOOAMICUS 005 20180831172728.0 008 180831n xx u000 u und u 013 $a9503 040 $aSeMil$bita 100 1 $aBaldacci, Luigi,$d<1930-2002>.$0(OLS)http://semarc/name/15444 245 10$aGiosuč Carducci :$bstrategia e invenzione. 773 0 $tCarducci poeta.$dPisa : Giardini editori e stampatori, stampa 1987.$w()35770 996 $6245$aGiosuč Carducci :$bstrategia e invenzione$9(OLS)http://semarc/title/377760 LEADER 00440nab a2200145 i 4500 001 000000310432 003 CaOOAMICUS 005 20180831173013.0 008 180831n xx uu u0 0und r 013 $a19524 040 $aSeMil$bita 100 1 $aPanizzi, Domenico.$0(OLS)http://semarc/name/11295 245 10$aRassegna politica. 773 0 $t[Luglio-Dicembre].$g380-384,477-480$w()273981 996 $6245$aRassegna politica$9(OLS)http://semarc/title/384766